书目信息 |
| 题名: |
校园阅读类活动指导手册
|
|
| 作者: | 石岚君 编著 | |
| 分册: | ||
| 出版信息: | 长春 吉林出版集团有限责任公司 2014 |
|
| 页数: | 181页 | |
| 开本: | 24cm | |
| 丛书名: | 五彩校园文化艺术活动丛书 | |
| 单 册: | ||
| 中图分类: | G792-49 , G792 | |
| 科图分类: | ||
| 主题词: | 读书方法--du shu fang fa--青少年读物 | |
| 电子资源: | ||
| ISBN: | 978-7-5534-3287-8 | |
| 000 | 00908nam 2200253 450 | |
| 001 | 2369097012 | |
| 005 | 20231109120354.05 | |
| 010 | @a978-7-5534-3287-8@dCNY35.00 | |
| 100 | @a20140625d2014 em y0chiy50 ea | |
| 101 | 0 | @achi |
| 102 | @aCN@b220000 | |
| 105 | @aa z 000yy | |
| 200 | 1 | @a校园阅读类活动指导手册@Axiao yuan yue du lei huo dong zhi dao shou ce@f石岚君编著 |
| 210 | @a长春@c吉林出版集团有限责任公司@d2014 | |
| 215 | @a181页@c图@d24cm | |
| 225 | 2 | @a五彩校园文化艺术活动丛书@Awu cai xiao yuan wen hua yi shu huo dong cong shu |
| 330 | @a本书共分四部分,包括校园阅读活动指导、读书的方法与作用、阅读能力的提高与技巧、阅读理解的技巧与范例。 | |
| 410 | 0 | @12001 @a五彩校园文化艺术活动丛书 |
| 606 | 0 | @a读书方法@Adu shu fang fa@j青少年读物 |
| 690 | @aG792-49@v5 | |
| 690 | @aG792@v4 | |
| 701 | 0 | @a石岚君@Ashi lan jun@4编著 |
| 801 | 0 | @aCN@b山东中教@c20230926 |
| 905 | @aBZT@dG792@e51 | |
| 校园阅读类活动指导手册/石岚君编著.-长春:吉林出版集团有限责任公司,2014 |
| 181页:图;24cm.-(五彩校园文化艺术活动丛书) |
| ISBN 978-7-5534-3287-8:CNY35.00 |
| 本书共分四部分,包括校园阅读活动指导、读书的方法与作用、阅读能力的提高与技巧、阅读理解的技巧与范例。 |
| ● |
| 相关链接 |
|
|
|
正题名:校园阅读类活动指导手册
索取号:G792/51
 
预约/预借
| 序号 | 登录号 | 条形码 | 馆藏地/架位号 | 状态 | 备注 |
| 1 | 2000951055 | 2000951055 | 第四书库/四8架B面2层1列/ [索取号:G792/51] | 在馆 | |
| 2 | 2000951056 | 2000951056 | 第四书库/四8架B面2层1列/ [索取号:G792/51] | 在馆 | |
| 3 | 2000951057 | 2000951057 | 第四书库/四8架B面2层1列/ [索取号:G792/51] | 在馆 | |
| 4 | 2000951058 | 2000951058 | 第四书库/四8架B面2层1列/ [索取号:G792/51] | 在馆 | |
| 5 | 2000951059 | 2000951059 | 第四书库/四8架B面2层1列/ [索取号:G792/51] | 在馆 | |
| 6 | 2000951060 | 2000951060 | 第四书库/四8架B面2层1列/ [索取号:G792/51] | 在馆 |